000 00801nam a22002057a 4500
003 OSt
005 20250214142549.0
008 241004b |||||||| |||| 00| 0 eng d
040 _c0
100 _aMaghanoy, Raviane R.
_eauthor.
_962291
245 _aTechnological difficulties of middle-aged bookkeepers /
_cRaviane R. Maghanoy, Cliff Van Nino E. Pejo, Jusyl Y. Gargar, and Jess Anthony N. Casagan.
260 _aPhilippines ;
_bUniversity of Mindanao,
_c2022.
300 _avolume 14, pages 21-43,
_billustration.
500 _aResearch Journal, v. 14, iss. 1, pages 21-43, 2022.
700 _aMaghanoy, Raviane R.
_eauthor.
_962291
700 _aPejo, Cliff Van NiƱo E.
_957459
700 _aGargar, Jusyl Y.
_957460
700 _aCasagan, Jess Anthony N.
_eauthor.
_964978
942 _2ddc
_cPER
999 _c22234
_d22234